| Tag |
First Indicator |
Second Indicator |
Subfields |
| LEADER |
00000cam a22000001 4500 |
| 001 |
in00000038609 |
| 005 |
20151007081152.0 |
| 008 |
731212s1967 okuac b 00000 eng |
| 010 |
|
|
|a 66022714
|
| 035 |
|
|
|a (OCoLC)00266118
|
| 035 |
|
|
|9 AAF5970AM
|
| 040 |
|
|
|a DLC
|c DLC
|d TXA
|d UtOrBLW
|
| 043 |
|
|
|a e-ur---
|
| 049 |
|
|
|a TXAM
|c [462786]
|
| 050 |
0 |
0 |
|a HX312
|b .T6
|
| 082 |
0 |
|
|a 320.92
|
| 092 |
|
|
|a 320.92
|b T662t
|
| 100 |
1 |
|
|a Tompkins, Stuart Ramsay,
|d 1886-1977.
|
| 245 |
1 |
4 |
|a The triumph of Bolshevism ;
|b revolution or reaction?
|
| 250 |
|
|
|a [1st ed.].
|
| 264 |
|
1 |
|a Norman :
|b University of Oklahoma Press,
|c [1967]
|
| 300 |
|
|
|a xi, 331 pages :
|b illustrations, portraits ;
|c 23 cm.
|
| 336 |
|
|
|a text
|b txt
|2 rdacontent
|
| 337 |
|
|
|a unmediated
|b n
|2 rdamedia
|
| 338 |
|
|
|a volume
|b nc
|2 rdacarrier
|
| 504 |
|
|
|a Bibliography: pages 299-319.
|
| 650 |
|
0 |
|a Socialism
|z Soviet Union.
|
| 650 |
|
0 |
|a National characteristics, Russian.
|
| 999 |
|
|
|a MARS
|
| 999 |
f |
f |
|s 938608c8-ba62-3229-bc7c-a6b17e0e6af3
|i 5ba4ef0d-4b37-309a-8101-dfa8d5cae07f
|t 0
|
| 952 |
f |
f |
|p ric
|a Texas A&M University
|b Rellis Campus
|c Joint Library Facility
|d Remote Storage
|t 0
|e HX312 .T6
|h Library of Congress classification
|i unmediated -- volume
|m A14800659830
|
| 998 |
f |
f |
|a HX312 .T6
|t 0
|l Remote Storage
|